000 01325nam a22003730a 4500
001 PT8188
003 AR-LpoUNG
005 20210131232310.0
008 191001s2001||||ag |||||||||||||||||spa d
020 _a9502311736
_c$3.95
040 _aAR-LpoUNG
_bspa
_cAR-LpoUNG
_eaacr
041 _aspa
044 _aag
082 0 _a982.064 167fed
100 1 _aCalvo, Ernesto
_eed.
245 1 3 _aEl federalismo electoral argentino :
_bsobrerrepresentación, reforma política y gobierno dividido en la Argentina
250 _a1ra ed.
260 _aBuenos Aires :
_bEUDEBA - INAP,
_c2001.
300 _a278 p. :
_btbls., gráfs.
520 _a<p>Uno de los temas fundamentales de hoy es el de las posibilidades, desafíos y falencias de la democracia argentina. Este libro hace una valiosa contribución al conocimiento de un importante ángulo de ese tema los sistemas electorales y partidarios a nivel nacional y subnacional.</p>
650 4 _aARGENTINA
650 4 _aASPECTOS POLITICOS
650 4 _aCOMPORTAMIENTO POLITICO
650 4 _aDEMOCRACIA
650 4 _aELECCIONES
650 4 _aPARTICIPACION POLITICA
650 4 _aPOLITICA
650 4 _aPOLITICOS
650 4 _aSISTEMAS ELECTORALES
651 4 _aArgentina
700 1 _aAbal Medina, Juan Manuel, h.
_eed.
905 _a8188
942 _cLSALA
999 _c14791
_d14791